000
00300nam a22001337a 4500
008
170213b xxu||||| |||| 00| 0 eng d
020
_a
0409951927
041
_a
eng
080
_a
61
100
_a
4
101
_a
SHM
245
_a
FINE NEEDLE ASPIRATION OF THE BREAST
_c
OERTEL, Y.C
942
_2
udc
_c
BK
999
_c
5202
_d
5202